Technology valuation solutions

Đã lưu trong:
Bibliografiske detaljer
Hovedforfatter: Boer, F. Peter
Format: Bog
Sprog:Undetermined
Udgivet: Hoboken, New Jersey John Wiley & Sons, Inc. 2004
Fag:
Tags: Tilføj Tag
Ingen Tags, Vær først til at tagge denne postø!
Thư viện lưu trữ: Trung tâm Học liệu Trường Đại học Cần Thơ
LEADER 00560nam a2200193Ia 4500
001 CTU_213257
008 210402s9999 xx 000 0 und d
082 |a 658.57 
082 |b B672 
100 |a Boer, F. Peter 
245 0 |a Technology valuation solutions 
245 0 |c F. Peter Boer 
260 |a Hoboken, New Jersey 
260 |b John Wiley & Sons, Inc. 
260 |c 2004 
650 |a Research, Industrial,Research, Industrial 
650 |x Evaluation,Cost effectiveness 
904 |i Giang 
980 |a Trung tâm Học liệu Trường Đại học Cần Thơ